000 00455nam a2200181Ia 4500
003 0STCL
008 150530s9999 xx 000 0 und d
040 _aSTCL
_cSTCL
100 _aRaveendran, P.P.
245 _aMichel Foucault-Varthamanathinte Charithram
250 _a2
260 _bState Institute of Langauge; Trivandrum
_c2002
_aTrivandrum
300 _a0
546 _aMalayalam
942 _2ddc
_cBK
999 _c2101
_d2101
005 20220125165307.0